Petit Bac (Géographie) - Lettre H - Statistiques

Statistiques générales
  • Ce quiz a été pris 1 066 fois
  • Le résultat moyen est 7 sur 12
Statistiques - réponses
Thèmes Mots commençant par H % Correct
Pays Haïti / Honduras / Hongrie
100%
Département français Hérault / Haute-Savoie / Haut-Rhin / Haute-Corse +8
87%
Capitale Helsinki / La Havane / Harare / Hanoï / Honiara
72%
Région française Hauts-de-France
62%
États des États-Unis Hawaï
62%
Île de la mer des Caraïbes Hispaniola / Hassel Island / Holbox / Îlet Hardy
62%
Ville de plus de 5 millions d'habitants Houston / Hong Kong / Hô Chi Minh-Ville / Harbin +2
57%
Ville européenne de plus de 100 000 habitants (hors capitale) Hanovre / Héraklion / Hambourg / Halle / Heidelberg +9
56%
Ville française de plus de 30 000 habitants Le Havre / Hyères / Haguenau / Herblay-sur-Seine +2
50%
Île du Japon Honshū / Hokkaidō / Hashima / Hirado / Hatsushima +6
39%
Land allemand Hambourg / Hesse
35%
Ville du Royaume Uni de plus de 50 000 habitants Halifax / Hastings / Harlow / Harrogate / Hartlepool +8
14%
Aucun quiz correspondant
Distribution des résultats
% des personnes avec chaque résultat
Percentile par nombre de réponses
Votre historique - résultats
Vous n’avez pas pris ce quiz